| 000 | 00406pab a2200169 454500 | ||
|---|---|---|---|
| 008 | 180718b2000 xxu||||| |||| 00| 0 eng d | ||
| 100 | _aMustafa, Seema | ||
| 245 | _aA policy that is foreign | ||
| 260 | _c2000 | ||
| 300 | _ap.12 | ||
| 362 | _a17 Nov | ||
| 650 | _aInternational relations | ||
| 650 | _aDiplomacy - India | ||
| 650 | _aInternational relations | ||
| 773 | _aAsian Age | ||
| 909 | _a48060 | ||
| 999 |
_c48060 _d48060 |
||